000 00638nam a22001937a 4500
003 OSt
005 20251217054710.0
008 251217b |||||||| |||| 00| 0 eng d
020 _a0198691297 9780198691297
040 _aDWCL-Main lib.
_cOC
082 _aGR. 032 Ox98 1993
245 _aOxford illustrated encyclopedia/
260 _aOxford [England] ; New York :
_b Oxford University Press,
_c1985-1993.
300 _av. <1-6, 8-9 > :
_b ill. (some col.) ;
_c28 cm.
650 _a1. Encyclopedias and dictionaries.
650 _a2. Science -- Dictionaries.
650 _a3. Science -- Encyclopedias.
942 _2ddc
_cGR
_hGR.
_n0
999 _c7162
_d7162